|
|
|
|
| LEADER |
00000nam0a2200000 4500 |
| 001 |
41924 |
| 005 |
20231031014740.0 |
| 010 |
|
|
|a 5797505029
|
| 035 |
|
|
|a (RuTPU)RU\TPU\book\43067
|
| 090 |
|
|
|a 41924
|
| 100 |
|
|
|a 20020704d2002 m y0rusy50 ca
|
| 101 |
0 |
|
|a rus
|
| 102 |
|
|
|a RU
|
| 105 |
|
|
|a y j 001zy
|
| 200 |
1 |
|
|a Банковское дело
|e учебник
|f Под ред. Г. Г. Коробовой
|
| 210 |
|
|
|a Москва
|c Юрист
|d 2002
|
| 215 |
|
|
|a 751 с.
|
| 225 |
1 |
|
|a Homo faber
|
| 320 |
|
|
|a Библиогр.: с. 750-751
|
| 610 |
1 |
|
|a экономика
|
| 610 |
1 |
|
|a финансы
|
| 610 |
1 |
|
|a банки
|
| 610 |
1 |
|
|a банковская система
|
| 610 |
1 |
|
|a коммерческие банки
|
| 610 |
1 |
|
|a операции
|
| 610 |
1 |
|
|a рынок
|
| 610 |
1 |
|
|a Центральный банк
|
| 610 |
1 |
|
|a Российская Федерация
|
| 610 |
1 |
|
|a ресурсы
|
| 610 |
1 |
|
|a активы
|
| 610 |
1 |
|
|a банковская прибыль
|
| 610 |
1 |
|
|a пассивные операции
|
| 610 |
1 |
|
|a безналичные расчеты
|
| 610 |
1 |
|
|a кредит
|
| 610 |
1 |
|
|a погашения
|
| 610 |
1 |
|
|a кредитование
|
| 610 |
1 |
|
|a ценные бумаги
|
| 610 |
1 |
|
|a валютные операции
|
| 610 |
1 |
|
|a посреднические операции
|
| 610 |
1 |
|
|a банковское обслуживание
|
| 610 |
1 |
|
|a кассовые операции
|
| 610 |
1 |
|
|a пластиковые карты
|
| 610 |
1 |
|
|a управление
|
| 610 |
1 |
|
|a маркетинг
|
| 610 |
1 |
|
|a персонал
|
| 610 |
1 |
|
|a банковские риски
|
| 610 |
1 |
|
|a контроль
|
| 610 |
1 |
|
|a отчетность
|
| 610 |
1 |
|
|a учебники
|
| 686 |
|
|
|a У9(2)262.10я73
|v LBC/SL-A
|2 rubbk
|
| 702 |
|
1 |
|a Коробова
|b Г. Г.
|g Галина Григорьевна
|4 340
|
| 801 |
|
1 |
|a RU
|b 63413507
|c 20020704
|g PSBO
|
| 801 |
|
2 |
|a RU
|b 63413507
|c 20120130
|g PSBO
|
| 942 |
|
|
|c BK
|